000
00308nam a22001337a 4500
008
180131b xxu||||| |||| 00| 0 eng d
020
_a
9780138274450
041
_a
eng
080
_a
616
100
_a
9
101
_a
PAT
245
_a
Speech, language,& hearing disorders
_c
Silverman,F.H
942
_2
udc
_c
BK
999
_c
41397
_d
41397